00841cam a2200265 i 4500001000800000005001700008008004100025010001700066020002500083020003100108020004000139020004600179040001800225041000800243080001000251082001800261100000700279101000800286245004300294504005100337906004500388942001200433999001700445952011300462414141020180301093417.0801210s1981 coua b 001 0 eng  a 77090883  a0877731942 :c$19.95 a0877731934 (pbk.) :c$9.95 z0394513515 (Random House) :c$19.95 a0394735803 (Random House : pbk.) :c$9.95 aDLCcDLCdDLC aeng a700.100a700.1 DOC2191 a45 aART14aThe power of limits :cGyörgy Doczi. aIncludes bibliographical references and index. a7bcbccorignewdueopcnf19gy-gencatlg 2ddccBK c43892d43892 00102udc40708PËKGa002b002cPËKGd2018-03-01l0o700.1 DOCp002-3000644r2018-03-01w2018-03-01yBK